| 000 | 00757nam a2200193 i 4500 | ||
|---|---|---|---|
| 001 | 165788 | ||
| 003 | ES-MaACL | ||
| 005 | 20251014063241.0 | ||
| 008 | 010321s1848 xxk |||| | eng d | ||
| 040 |
_aCCPB | B _bspa _cCCPB | B |
||
| 100 | 1 |
_aStirling Maxwell, William, _cSir, _d1818-1878 _9129751 |
|
| 245 | 1 | 0 |
_aAnnals of the artists of Spain / _cby William Stirling. |
| 260 |
_aLondon : _bJohn Ollivier, _c1848 ( _fprinted by T. Brettell) |
||
| 300 |
_a3 v. : _bil. ; _c23 cm. |
||
| 597 | _aT. I (XLIII, 508 p., [3] h. de grab.) -- T. II (P. 509-948) -- T. III (P. 949-1481) | ||
| 650 | 4 |
_aArtistas- _zEspaña- _xBiografías. _9165596 |
|
| 852 |
_aES-MaACL _jG-11747-49 _z-- Enc. hol. conservando la cub. original |
||
| 999 |
_c165788 _d165788 |
||